[Event "20th Reykjavik op"]
[Site "Reykjavik ISL"]
[Date "2002.03.09"]
[Round "3"]
[White "Thorsteinsson, Thorsteinn"]
[Black "Berkes, Ferenc"]
[Result "1/2-1/2"]
[WhiteElo "2332"]
[BlackElo "2522"]
[EventDate "2002.03.07"]
[PlyCount "88"]

1.d4 Nf6 2.c4 e6 3.Nf3 Bb4+ 4.Bd2 a5 5.g3 d6 6.Bg2 Qe7 7.O-O Bxd2 8.Qxd2 
O-O 9.Nc3 e5 10.Rac1 h6 11.dxe5 dxe5 12.Qe3 Re8 13.Nd5 Nxd5 14.cxd5 Na6 
15.Qc3 Qb4 16.Rfd1 Bd7 17.Ne1 Ba4 18.Rd2 Rad8 19.Nd3 Qxc3 20.Rxc3 b6 21.e4
Bb5 22.Bf1 g6 23.f3 Kg7 24.Kf2 Re7 25.Nxe5 Rxe5 26.Bxb5 Nc5 27.Rdc2 f5 28.
Rxc5 bxc5 29.Rxc5 fxe4 30.Rxc7+ Kf6 31.Rc6+ Kg7 32.Rc7+ Kf8 33.fxe4 Rxe4 
34.Bc4 a4 35.b3 axb3 36.axb3 Re7 37.Rc6 Kg7 38.b4 Rf8+ 39.Kg2 Ref7 40.Kg1 
Rf2 41.Rc7+ R2f7 42.Rc6 Rf2 43.Rc7+ R2f7 44.Rc6 Rf2 1/2-1/2

[Event "20th Reykjavik op"]
[Site "Reykjavik ISL"]
[Date "2002.03.10"]
[Round "4"]
[White "Arnarsson, Hrannar"]
[Black "Johansson, Viktoria"]
[Result "0-1"]
[WhiteElo "2035"]
[BlackElo "2199"]
[EventDate "2002.03.07"]
[PlyCount "110"]

1.e4 d6 2.d4 g6 3.Nf3 Nf6 4.Nc3 Bg7 5.Bc4 O-O 6.Be3 c6 7.Qd2 Nbd7 8.O-O-O 
b5 9.Bd3 Nb6 10.Bh6 Nc4 11.Qg5 Be6 12.Bxg7 Kxg7 13.e5 Nd5 14.Nxd5 Bxd5 15.
Nh4 e6 16.Qxd8 Rfxd8 17.Bxc4 Bxc4 18.f4 c5 19.exd6 cxd4 20.Rxd4 Bd5 21.f5 
Rxd6 22.Rhd1 Ra6 23.a3 Rc8 24.Rf1 Rac6 25.Rf2 Rc4 26.f6+ Kh6 27.Rxc4 Rxc4 
28.g3 g5 29.Nf3 Bxf3 30.Rxf3 Kg6 31.Kd2 h5 32.b3 Rc5 33.Kd3 e5 34.Rf2 Rc6 
35.Ke4 Rc5 36.Kd3 a5 37.c4 bxc4+ 38.bxc4 Rc6 39.Rf3 Rxf6 40.Re3 Rd6+ 41.
Kc3 Kf6 42.Re2 Ke6 43.Rb2 e4 44.c5 Rd1 45.Kc4 f5 46.Kb5 e3 47.Re2 f4 48.h4
Rd2 49.Re1 e2 50.c6 f3 51.Rc1 Rd1 52.Rc5 e1=Q 53.c7 Qe2+ 54.Kxa5 Qd2+ 55.
Kb6 Qd6+ 0-1

[Event "20th Reykjavik op"]
[Site "Reykjavik ISL"]
[Date "2002.03.10"]
[Round "4"]
[White "Asmundsson, Ingvar"]
[Black "Stefansson, Hannes Hlifar"]
[Result "0-1"]
[WhiteElo "2347"]
[BlackElo "2604"]
[EventDate "2002.03.07"]
[PlyCount "72"]

1.c4 c5 2.Nc3 Nc6 3.g3 g6 4.Bg2 Bg7 5.d3 e6 6.e4 Nge7 7.Nge2 d6 8.O-O O-O 
9.Rb1 b6 10.a3 Bb7 11.b4 Qd7 12.Qb3 f5 13.f4 Kh8 14.Bb2 Nd4 15.Nxd4 cxd4 
16.Ne2 e5 17.Rbe1 Ng8 18.b5 Qc7 19.Qc2 fxe4 20.dxe4 Rac8 21.Rc1 Nf6 22.h3 
Nd7 23.Qb1 Nc5 24.a4 Nxa4 25.Ba3 Nc5 26.Bxc5 Qxc5 27.Qd3 a6 28.Kh2 Bh6 29.
h4 Qb4 30.Bh3 Rc7 31.bxa6 Bxa6 32.Be6 Re8 33.Bd5 b5 34.cxb5 Bxb5 35.Qf3 
Rxc1 36.Rxc1 Qd2 0-1

[Event "20th Reykjavik op"]
[Site "Reykjavik ISL"]
[Date "2002.03.10"]
[Round "4"]
[White "Bergsson, Snorri"]
[Black "Ivanov, Mikhail M."]
[Result "1-0"]
[WhiteElo "2275"]
[BlackElo "2446"]
[EventDate "2002.03.07"]
[PlyCount "135"]

1.d4 Nf6 2.c4 a6 3.Nf3 b5 4.e3 c6 5.Nbd2 d6 6.Qc2 g6 7.b3 Bg7 8.Bb2 O-O 9.
h3 Bf5 10.Bd3 Bxd3 11.Qxd3 Nbd7 12.O-O Qb6 13.Rac1 Rfd8 14.Qb1 Qb7 15.Rfd1
a5 16.c5 d5 17.a3 Ne8 18.Ne5 f6 19.Nd3 Qc7 20.e4 e6 21.Re1 Bh6 22.Rc2 Ng7 
23.Nf3 dxe4 24.Rxe4 Nf8 25.Rce2 Rd7 26.Bc1 Bxc1 27.Qxc1 Rad8 28.Nde1 g5 
29.Qb2 Ng6 30.g3 f5 31.Rxe6 Nxe6 32.Rxe6 Re7 33.Nxg5 Rde8 34.Rxe7 Qxe7 35.
Ngf3 f4 36.g4 Qe2 37.Qc3 a4 38.bxa4 Qc4 39.Qa5 bxa4 40.Qa7 Qc3 41.Kf1 Nh4 
42.Ne5 Qxh3+ 43.Kg1 Qb3 44.Qd7 Qe6 45.Qxe6+ Rxe6 46.N1d3 Ng6 47.Kg2 Kg7 
48.Kf3 Kf6 49.Nxg6 hxg6 50.Nb2 Re8 51.Nxa4 Rd8 52.Ke4 Kg5 53.Nb2 Kxg4 54.
Nd3 Kg5 55.Ne5 Re8 56.a4 Kf6 57.Kxf4 Ke6 58.Ke4 Ra8 59.Nxc6 Rxa4 60.f4 Ra1
61.d5+ Kf6 62.d6 Ke6 63.Nd4+ Kd7 64.Kd5 Rd1 65.c6+ Kc8 66.Ke5 Re1+ 67.Kf6 
Rd1 68.d7+ 1-0

[Event "20th Reykjavik op"]
[Site "Reykjavik ISL"]
[Date "2002.03.10"]
[Round "4"]
[White "Berkes, Ferenc"]
[Black "Johannesson, Ingvar Thor"]
[Result "1-0"]
[WhiteElo "2522"]
[BlackElo "2267"]
[EventDate "2002.03.07"]
[PlyCount "67"]

1.Nf3 b6 2.e4 e6 3.d4 Bb7 4.Bd3 c5 5.O-O Nf6 6.Nc3 d6 7.d5 exd5 8.Bb5+ 
Nbd7 9.e5 dxe5 10.Nxe5 Bd6 11.Nxd7 Nxd7 12.Re1+ Kf8 13.Nxd5 a6 14.Bf1 Nf6 
15.Nxf6 Qxf6 16.Bg5 Qg6 17.Qd2 h6 18.Bh4 Kg8 19.Rad1 Bf8 20.Qf4 Qc6 21.Be7
g5 22.Qg3 Rh7 23.Rd6 Qa4 24.Bxf8 Rxf8 25.Re7 Bc8 26.Rxb6 Qxc2 27.h4 f6 28.
Rxh7 Qxh7 29.Qd6 gxh4 30.Rc6 Qe4 31.Qxc5 Qf5 32.Bc4+ Kg7 33.Qe7+ Kg6 34.
Qxf8 1-0

[Event "20th Reykjavik op"]
[Site "Reykjavik ISL"]
[Date "2002.03.10"]
[Round "4"]
[White "Boricsev, Oleg"]
[Black "Bjornsson, Tomas"]
[Result "1/2-1/2"]
[WhiteElo "2333"]
[BlackElo "2248"]
[EventDate "2002.03.07"]
[PlyCount "95"]

1.e4 e6 2.d4 d5 3.Nd2 dxe4 4.Nxe4 Nd7 5.Nf3 Ngf6 6.Bd3 Be7 7.Qe2 Nxe4 8.
Bxe4 c5 9.c3 cxd4 10.Nxd4 O-O 11.O-O Nf6 12.Bc2 a6 13.Rd1 Qc7 14.Bg5 g6 
15.Bb3 h5 16.h3 Nh7 17.Bxe7 Qxe7 18.Rd3 b5 19.Rad1 Nf6 20.Nc6 Qc7 21.Qf3 
Kg7 22.Nd4 Bb7 23.Qe3 Be4 24.R3d2 e5 25.Ne2 Rad8 26.Ng3 Rxd2 27.Rxd2 Qc6 
28.f3 Bb1 29.Qxe5 Re8 30.Rd6 Rxe5 31.Rxc6 h4 32.Nf1 Re2 33.Rxa6 Rxb2 34.
Ra7 Nh5 35.Rxf7+ Kh6 36.Ne3 Bxa2 37.Bxa2 Rxa2 38.f4 g5 39.Ng4+ Kg6 40.Ne5+
Kh6 41.f5 g4 42.hxg4 Nf4 43.Rb7 Rxg2+ 44.Kf1 Kg5 45.Nd3 Rc2 46.Nxf4 Kxf4 
47.f6 Rxc3 48.f7 1/2-1/2

[Event "20th Reykjavik op"]
[Site "Reykjavik ISL"]
[Date "2002.03.10"]
[Round "4"]
[White "Brodsky, Mikhail"]
[Black "Berg, Emanuel"]
[Result "1/2-1/2"]
[WhiteElo "2542"]
[BlackElo "2500"]
[EventDate "2002.03.07"]
[PlyCount "81"]

1.e4 e6 2.d4 d5 3.Nd2 Nf6 4.Bd3 c5 5.e5 Nfd7 6.c3 Nc6 7.Ne2 cxd4 8.cxd4 f6
9.exf6 Nxf6 10.Nf3 Bd6 11.O-O Qc7 12.Bg5 O-O 13.Rc1 Bd7 14.Ng3 Rae8 15.a3 
Kh8 16.Bb1 Qb6 17.b4 Re7 18.Rc3 a5 19.bxa5 Qxa5 20.Re3 Bxa3 21.Ne5 Be8 22.
Nxc6 Bxc6 23.Bxf6 gxf6 24.Qh5 Bd7 25.Qh6 Ref7 26.Nh5 Bd6 27.Bg6 Qc7 28.
Bxf7 Rxf7 29.Rf3 Bf8 30.Qe3 Be7 31.Nf4 Qd6 32.Re1 Bf8 33.Qb3 b5 34.Nd3 Be8
35.Rfe3 Re7 36.Qb4 Qxb4 37.Nxb4 Rd7 38.Rb3 Rc7 39.Nd3 Bd7 40.g3 Kg7 41.Ra1
1/2-1/2

[Event "20th Reykjavik op"]
[Site "Reykjavik ISL"]
[Date "2002.03.10"]
[Round "4"]
[White "Ehlvest, Jaan"]
[Black "Lobron, Eric"]
[Result "1-0"]
[WhiteElo "2589"]
[BlackElo "2517"]
[EventDate "2002.03.07"]
[PlyCount "83"]

1.d4 e6 2.e4 d5 3.Nd2 c5 4.Ngf3 cxd4 5.exd5 Qxd5 6.Bc4 Qd6 7.O-O Nf6 8.Re1
Be7 9.Nb3 Nc6 10.Nbxd4 Nxd4 11.Nxd4 O-O 12.c3 e5 13.Nf3 Qc7 14.Qb3 Bd6 15.
h3 h6 16.Be3 Bd7 17.Rad1 e4 18.Nd2 Bc6 19.Bb5 Bd5 20.Bc4 Bc6 21.Bd4 Bh2+ 
22.Kh1 Be5 23.Nf1 b5 24.Be2 Rad8 25.Ne3 Bxd4 26.Rxd4 Rxd4 27.cxd4 Qb7 28.
Rc1 Rd8 29.Rc5 Nd7 30.Rf5 Nf6 31.Rxf6 gxf6 32.Nf5 Qc7 33.Qc3 Rd7 34.Qc1 
Rd5 35.Bg4 Rxf5 36.Bxf5 e3 37.Qxe3 Kg7 38.a3 Bd5 39.Bd3 a6 40.Kg1 Qd6 41.
Qe2 Kf8 42.Qh5 1-0

[Event "20th Reykjavik op"]
[Site "Reykjavik ISL"]
[Date "2002.03.10"]
[Round "4"]
[White "Einarsson, Einar Kristinn"]
[Black "Gretarsdottir, Lilja"]
[Result "1-0"]
[WhiteElo "2107"]
[BlackElo "2056"]
[EventDate "2002.03.07"]
[PlyCount "51"]

1.e4 c5 2.Nc3 d6 3.g4 Nc6 4.Bg2 g6 5.h3 Bg7 6.Nge2 e6 7.d3 Nge7 8.Be3 O-O 
9.Qd2 Nd4 10.h4 e5 11.f3 d5 12.O-O-O Qa5 13.Kb1 dxe4 14.dxe4 Nec6 15.h5 
Rd8 16.Qe1 Nb4 17.Rd2 Be6 18.Nc1 Rd6 19.a3 Ra6 20.hxg6 hxg6 21.Bh6 Bh8 22.
Qh4 Bc4 23.Bf8 Bg7 24.Bxg7 Kxg7 25.g5 Rd8 26.Qh6+ 1-0

[Event "20th Reykjavik op"]
[Site "Reykjavik ISL"]
[Date "2002.03.10"]
[Round "4"]
[White "Fridjonsson, Julius"]
[Black "Hagesaether, Ellen"]
[Result "0-1"]
[WhiteElo "2200"]
[BlackElo "2102"]
[EventDate "2002.03.07"]
[PlyCount "75"]

1.c4 g6 2.g3 Bg7 3.Bg2 d6 4.Nc3 e5 5.d3 f5 6.e3 Nf6 7.Nge2 O-O 8.O-O g5 9.
f4 gxf4 10.gxf4 Nh5 11.Bd2 exf4 12.Nxf4 Nxf4 13.Rxf4 Be5 14.Rf3 c6 15.Kh1 
Rf7 16.Qe2 Nd7 17.Bh3 Nf8 18.Qf2 Ng6 19.Rg1 Kh8 20.Qf1 Nh4 21.Rf2 Qf8 22.
b3 Qh6 23.Ne2 b5 24.Nf4 bxc4 25.bxc4 Bb7 26.d4 Bf6 27.Ng2 c5 28.d5 Be5 29.
e4 Qf6 30.Nxh4 Qxh4 31.Bxf5 Raf8 32.Bg5 Qh5 33.Rgg2 Bd4 34.Rf4 Rg7 35.Rh4 
Qf7 36.Rh3 Rfg8 37.Qf4 Bc8 38.Be6 0-1

[Event "20th Reykjavik op"]
[Site "Reykjavik ISL"]
[Date "2002.03.10"]
[Round "4"]
[White "Gretarsson, Helgi Ass"]
[Black "Miezis, Normunds"]
[Result "1-0"]
[WhiteElo "2520"]
[BlackElo "2498"]
[EventDate "2002.03.07"]
[PlyCount "75"]

1.d4 e6 2.c4 b6 3.a3 Bb7 4.Nc3 f5 5.d5 Nf6 6.g3 b5 7.Nxb5 exd5 8.Bf4 Na6 
9.Bg2 Ne4 10.cxd5 Bc5 11.Nh3 Qf6 12.O-O Bb6 13.b4 O-O 14.Qb3 Kh8 15.Rad1 
Qf7 16.a4 Bxd5 17.Qxd5 Qxd5 18.Rxd5 c6 19.Rxd7 cxb5 20.a5 Bd8 21.g4 Bf6 
22.gxf5 Rae8 23.Rxa7 Nxb4 24.e3 Nd3 25.Rd1 Ndc5 26.Rc7 b4 27.Rb1 Bc3 28.
Ng5 Rxf5 29.Nxe4 Nxe4 30.Bxe4 Rxa5 31.Bc6 Rd8 32.Kg2 h6 33.e4 Rd4 34.Bg3 
Rc5 35.Bd5 Rxc7 36.Bxc7 Rd2 37.Bf4 Rd3 38.Bd6 1-0

[Event "20th Reykjavik op"]
[Site "Reykjavik ISL"]
[Date "2002.03.10"]
[Round "4"]
[White "Halldorsson, Bragi"]
[Black "Ragnarsson, Johann"]
[Result "0-1"]
[WhiteElo "2236"]
[BlackElo "2118"]
[EventDate "2002.03.07"]
[PlyCount "56"]

1.d4 d5 2.c4 e6 3.Nc3 c6 4.Nf3 dxc4 5.e3 b5 6.a4 Bb4 7.Bd2 a5 8.axb5 Bxc3 
9.Bxc3 cxb5 10.b3 Bb7 11.bxc4 b4 12.Bb2 Nf6 13.Bd3 Nbd7 14.O-O O-O 15.Qc2 
Qc7 16.e4 e5 17.d5 Rfe8 18.Nd2 Nc5 19.Rae1 a4 20.f4 Nfd7 21.Bxe5 Nxe5 22.
fxe5 b3 23.Qc3 Qxe5 24.Rc1 b2 25.Bb1 bxc1=Q 26.Qxc1 a3 27.Nf3 Qb2 28.Qe3 
a2 0-1

[Event "20th Reykjavik op"]
[Site "Reykjavik ISL"]
[Date "2002.03.10"]
[Round "4"]
[White "Hardarson, Robert"]
[Black "Neverov, Valeriy"]
[Result "0-1"]
[WhiteElo "2298"]
[BlackElo "2578"]
[EventDate "2002.03.07"]
[PlyCount "54"]

1.e4 c5 2.d4 cxd4 3.Qxd4 Nc6 4.Qe3 g6 5.Nc3 Bg7 6.Bd2 Nf6 7.O-O-O O-O 8.e5
Ng4 9.Qg3 Nh6 10.f4 d6 11.Nf3 Be6 12.Ng5 Bg4 13.Be2 Bxe2 14.Nxe2 Qb6 15.
Qh3 dxe5 16.fxe5 Nxe5 17.Bc3 Neg4 18.Bxg7 Kxg7 19.Rd4 Nf2 20.Qc3 Rac8 21.
Rc4+ Qf6 22.Rxc8 Rxc8 23.Qxf6+ exf6 24.Rf1 Nfg4 25.Ne4 Ne3 26.Re1 Nxc2 27.
Rh1 Ne3+ 0-1

[Event "20th Reykjavik op"]
[Site "Reykjavik ISL"]
[Date "2002.03.10"]
[Round "4"]
[White "Ingason, Sigurdur"]
[Black "Petursson, Gudni"]
[Result "1/2-1/2"]
[WhiteElo "2059"]
[BlackElo "2112"]
[EventDate "2002.03.07"]
[PlyCount "32"]

1.c4 b6 2.Nf3 Bb7 3.g3 e6 4.Bg2 f5 5.O-O Nf6 6.d4 a5 7.d5 exd5 8.Nh4 g6 9.
Nc3 Bg7 10.Bg5 Qc8 11.cxd5 d6 12.Qd2 O-O 13.Bh6 Nbd7 14.Bxg7 Kxg7 15.Nf3 
Nc5 16.Qd4 Kg8 1/2-1/2

[Event "20th Reykjavik op"]
[Site "Reykjavik ISL"]
[Date "2002.03.10"]
[Round "4"]
[White "Ingolfsdottir, Harpa"]
[Black "Thompson, Ian"]
[Result "0-1"]
[WhiteElo "2053"]
[BlackElo "2209"]
[EventDate "2002.03.07"]
[PlyCount "60"]

1.e4 e6 2.d4 d5 3.exd5 exd5 4.Nf3 Nf6 5.c4 Bb4+ 6.Nc3 O-O 7.Be2 dxc4 8.O-O
Be6 9.Ng5 Bd5 10.Nxd5 Qxd5 11.Qc2 Nc6 12.Bxc4 Nxd4 13.Qd3 Qd6 14.Rd1 Ne6 
15.Qb3 Qb6 16.Nxe6 fxe6 17.Bxe6+ Kh8 18.Be3 Qa5 19.a3 Bd6 20.Bd4 b6 21.
Bxf6 Rxf6 22.Rd5 Qa6 23.Re1 Re8 24.Re3 Bc5 25.Rxc5 bxc5 26.Bc4 Qc8 27.Qb7 
Rff8 28.Rxe8 Qxe8 29.Kf1 Qe5 30.g3 Qd4 0-1

[Event "20th Reykjavik op"]
[Site "Reykjavik ISL"]
[Date "2002.03.10"]
[Round "4"]
[White "Jiretorn, Eva"]
[Black "Bjornsson, Sigurbjorn"]
[Result "0-1"]
[WhiteElo "2112"]
[BlackElo "2312"]
[EventDate "2002.03.07"]
[PlyCount "84"]

1.d4 Nf6 2.c4 g6 3.Nc3 Bg7 4.e4 d6 5.Nf3 O-O 6.Be2 e5 7.O-O Nc6 8.d5 Ne7 
9.Ne1 Ne8 10.f4 c5 11.Nd3 b6 12.Kh1 f5 13.g4 Kh8 14.Bd2 Rb8 15.Rb1 b5 16.
exf5 bxc4 17.Ne1 gxf5 18.Bxc4 fxg4 19.fxe5 Rxf1+ 20.Bxf1 Bxe5 21.Nd3 Ng6 
22.Nxe5 Nxe5 23.Bf4 Qf6 24.Bxe5 Qxe5 25.Qe2 Qxe2 26.Bxe2 Nf6 27.b3 Kg7 28.
Re1 Bd7 29.Bd3 Re8 30.Rxe8 Bxe8 31.Kg2 Kh6 32.h3 Kg5 33.hxg4 Kxg4 34.a3 h5
35.b4 cxb4 36.axb4 Kf4 37.Kh3 Ke3 38.Bb5 Kd4 39.Bxe8 Kxc3 40.Bf7 Kxb4 41.
Kh4 a5 42.Kg5 a4 0-1

[Event "20th Reykjavik op"]
[Site "Reykjavik ISL"]
[Date "2002.03.10"]
[Round "4"]
[White "Jonasson, Benedikt"]
[Black "Hillarp Persson, Tiger"]
[Result "1/2-1/2"]
[WhiteElo "2267"]
[BlackElo "2456"]
[EventDate "2002.03.07"]
[PlyCount "136"]

1.e4 g6 2.d4 Bg7 3.Nc3 d6 4.Be3 a6 5.Qd2 Nd7 6.f3 b5 7.g4 Bb7 8.h4 h5 9.g5
e6 10.Nge2 Ne7 11.Ng3 d5 12.e5 c5 13.f4 cxd4 14.Bxd4 Nc6 15.O-O-O Rc8 16.
Nce2 b4 17.Kb1 a5 18.Bg2 Ba6 19.Rhe1 Bxe2 20.Nxe2 O-O 21.Be3 Rc7 22.Nd4 
Nxd4 23.Bxd4 Qb8 24.Rc1 Rfc8 25.f5 gxf5 26.Bf3 Rc4 27.Bxh5 Rxd4 28.Qxd4 
Nxe5 29.Qe3 Rc6 30.Be2 a4 31.h5 Rc4 32.g6 Re4 33.gxf7+ Nxf7 34.Qd2 Qe5 35.
c3 Bh6 36.Qc2 Bxc1 37.Kxc1 bxc3 38.bxc3 Kh7 39.Kd1 Re3 40.Qxa4 Qxc3 41.Qa7
Kg7 42.Rg1+ Rg3 43.Rxg3+ Qxg3 44.a4 Qb3+ 45.Ke1 Qc3+ 46.Kf1 Kf6 47.a5 d4 
48.a6 d3 49.Bd1 Qa1 50.Ke1 Qe5+ 51.Kf1 d2 52.Qf2 Qb5+ 53.Qe2 Qa5 54.Bb3 
Ng5 55.Bc2 Ne4 56.Kg2 Qd5 57.a7 Ng5+ 58.Kf1 Qh1+ 59.Kf2 f4 60.Qf1 Qf3+ 61.
Kg1 Qg3+ 62.Kh1 Nf3 63.Qa1+ Kf7 64.Bg6+ Ke7 65.Qg7+ Kd6 66.Qf8+ Ke5 67.
Qg7+ Kd6 68.Qf8+ Ke5 1/2-1/2

[Event "20th Reykjavik op"]
[Site "Reykjavik ISL"]
[Date "2002.03.10"]
[Round "4"]
[White "Korneev, Oleg"]
[Black "Danielsen, Henrik"]
[Result "1-0"]
[WhiteElo "2568"]
[BlackElo "2520"]
[EventDate "2002.03.07"]
[PlyCount "63"]

1.e4 c6 2.c4 d5 3.exd5 cxd5 4.cxd5 Nf6 5.Nc3 Nxd5 6.Nf3 Nxc3 7.bxc3 g6 8.
d4 Bg7 9.Bd3 Nc6 10.O-O O-O 11.Re1 Qa5 12.Bd2 Bg4 13.Be4 e6 14.Rb1 Rab8 
15.a4 Qc7 16.h3 Bxf3 17.Qxf3 Qa5 18.Bf4 Rbc8 19.Bd6 Rfe8 20.Rxb7 Nd8 21.
Rb4 f5 22.Bd5 Kh8 23.Be5 Nf7 24.Bxg7+ Kxg7 25.Bb3 Rc7 26.h4 Rec8 27.Re3 e5
28.Rb5 e4 29.Qg3 f4 30.Qxf4 Qa6 31.Rxe4 h5 32.Re6 1-0

[Event "20th Reykjavik op"]
[Site "Reykjavik ISL"]
[Date "2002.03.10"]
[Round "4"]
[White "Kristinsdottir, Aslaug"]
[Black "Kjartansson, David"]
[Result "0-1"]
[WhiteElo "2007"]
[BlackElo "2235"]
[EventDate "2002.03.07"]
[PlyCount "74"]

1.e4 d6 2.d4 g6 3.f4 Bg7 4.Nf3 c6 5.c4 Bg4 6.Be3 Qb6 7.Qd2 Bxf3 8.gxf3 Nd7
9.Nc3 Qc7 10.Bh3 a6 11.O-O b5 12.cxb5 axb5 13.Rac1 Qb7 14.a3 Nb6 15.f5 Nf6
16.Qe2 Nc4 17.Rc2 O-O 18.fxg6 hxg6 19.Bg2 e5 20.dxe5 dxe5 21.Kh1 Nh5 22.
Bc5 Rfe8 23.Rcc1 Nf4 24.Qc2 Rad8 25.Rfd1 Ne6 26.Bf2 Qe7 27.Na2 Bh6 28.Rb1 
Nd4 29.Qc3 Bf4 30.Nb4 Qg5 31.b3 Nd2 32.Ra1 Ne2 33.Qxc6 Bxh2 34.Kxh2 Qh5+ 
35.Bh3 Nf4 36.Kg1 Nxf3+ 37.Kf1 Qxh3# 0-1

[Event "20th Reykjavik op"]
[Site "Reykjavik ISL"]
[Date "2002.03.10"]
[Round "4"]
[White "Kristjansson, Stefan"]
[Black "Edvardsson, Kristjan"]
[Result "1-0"]
[WhiteElo "2389"]
[BlackElo "2239"]
[EventDate "2002.03.07"]
[PlyCount "59"]

1.e4 e5 2.Nf3 Nc6 3.d4 exd4 4.Nxd4 Nf6 5.Nxc6 bxc6 6.e5 Qe7 7.Qe2 Nd5 8.c4
Nb6 9.Nc3 Ba6 10.b3 O-O-O 11.Bb2 Re8 12.f4 f6 13.Ne4 d5 14.Qg4+ Kb8 15.
cxd5 Qb4+ 16.Nd2 Bxf1 17.Rxf1 fxe5 18.O-O-O cxd5 19.Qh5 g6 20.Qe2 d4 21.
Nf3 Bg7 22.fxe5 c5 23.Qe4 Re6 24.Kb1 a5 25.Rc1 Rhe8 26.Bxd4 cxd4 27.Nxd4 
Bxe5 28.Rf7 R8e7 29.Rxe7 Qxe7 30.Nxe6 1-0

[Event "20th Reykjavik op"]
[Site "Reykjavik ISL"]
[Date "2002.03.10"]
[Round "4"]
[White "Schubert, Hans-Joachim"]
[Black "Schmied, Andreas"]
[Result "1/2-1/2"]
[WhiteElo "2005"]
[BlackElo "2142"]
[EventDate "2002.03.07"]
[PlyCount "27"]

1.e4 c5 2.Nf3 Nc6 3.c3 e6 4.d4 d5 5.exd5 exd5 6.Be3 cxd4 7.Nxd4 Nf6 8.Be2 
Bd6 9.Nd2 O-O 10.Qb3 Re8 11.N2f3 Na5 12.Qc2 Nc4 13.Bg5 Be7 14.O-O 1/2-1/2

[Event "20th Reykjavik op"]
[Site "Reykjavik ISL"]
[Date "2002.03.10"]
[Round "4"]
[White "Shahade, Jennifer"]
[Black "Holmsten, Aleksei"]
[Result "0-1"]
[WhiteElo "2302"]
[BlackElo "2420"]
[EventDate "2002.03.07"]
[PlyCount "66"]

1.e4 c5 2.Nf3 Nc6 3.Bb5 g6 4.O-O Bg7 5.c3 Nf6 6.e5 Nd5 7.d4 cxd4 8.cxd4 
O-O 9.Nc3 Nxc3 10.bxc3 a6 11.Bd3 d6 12.exd6 Qxd6 13.a4 Rd8 14.Ba3 Qc7 15.
Rc1 e5 16.Bb1 exd4 17.cxd4 Bg4 18.Qb3 Qf4 19.Qe3 Nxd4 20.Qxf4 Ne2+ 21.Kh1 
Nxf4 22.Be4 Rab8 23.Rb1 b5 24.axb5 axb5 25.Bc5 Nd5 26.Ba7 Ra8 27.Bc5 Rac8 
28.Bb4 Nxb4 29.Rxb4 Be6 30.Bb7 Rb8 31.Ba6 Rb6 32.Bxb5 Rdb8 33.Rfb1 Bc3 0-1

[Event "20th Reykjavik op"]
[Site "Reykjavik ISL"]
[Date "2002.03.10"]
[Round "4"]
[White "Stefanova, Antoaneta"]
[Black "Thorsteinsson, Thorsteinn"]
[Result "1/2-1/2"]
[WhiteElo "2451"]
[BlackElo "2332"]
[EventDate "2002.03.07"]
[PlyCount "85"]

1.d4 e6 2.Nf3 f5 3.g3 Nf6 4.Bg2 Be7 5.O-O O-O 6.c4 Ne4 7.Qc2 Bf6 8.Nc3 d5 
9.Bf4 c6 10.b4 g5 11.Be3 Nd7 12.b5 cxb5 13.cxd5 Nxc3 14.Qxc3 Nb6 15.Qb3 
Nxd5 16.Qxb5 Rb8 17.Ne5 Bxe5 18.dxe5 Nxe3 19.fxe3 Qd2 20.Qd3 Qxd3 21.exd3 
b6 22.Rfc1 Ba6 23.d4 Rbc8 24.Bc6 Rfd8 25.Kf2 Kf8 26.a4 Rc7 27.a5 Rdc8 28.
axb6 axb6 29.Rxa6 Rxc6 30.Rxc6 Rxc6 31.e4 fxe4 32.Ke3 Kf7 33.Kxe4 h5 34.
Ra7+ Kg6 35.Rb7 g4 36.Kd3 Rc1 37.Rxb6 Kf5 38.Rb8 Rd1+ 39.Ke3 Re1+ 40.Kf2 
Rd1 41.Ke3 Re1+ 42.Kd3 Rd1+ 43.Ke3 1/2-1/2

[Event "20th Reykjavik op"]
[Site "Reykjavik ISL"]
[Date "2002.03.10"]
[Round "4"]
[White "Thorarinsson, Pall"]
[Black "Kiss, Pal"]
[Result "0-1"]
[WhiteElo "2217"]
[BlackElo "2390"]
[EventDate "2002.03.07"]
[PlyCount "82"]

1.d4 d5 2.c4 c6 3.cxd5 cxd5 4.Nf3 Nf6 5.Nc3 Nc6 6.Bf4 a6 7.e3 Bg4 8.Bd3 e6
9.O-O Bd6 10.Bg3 O-O 11.Rc1 Rc8 12.Na4 Ne4 13.a3 f5 14.Be2 f4 15.Bxf4 Bxf4
16.exf4 Rxf4 17.Ne5 Nxe5 18.Rxc8 Qxc8 19.dxe5 Bxe2 20.Qxe2 b5 21.Qe3 Rxf2 
22.Rxf2 Nxf2 23.Kxf2 Qc2+ 24.Kg3 bxa4 25.Qd4 h6 26.h3 Kh7 27.Kf3 g5 28.
Qa7+ Kg6 29.Qd4 h5 30.g4 h4 31.Ke3 Kh6 32.Qc3 Qe4+ 33.Kd2 Qg2+ 34.Kd1 Qf1+
35.Kc2 Qf4 36.Kd3 Kg6 37.Qd4 Qf1+ 38.Kd2 Qxh3 39.Qxa4 Qg2+ 40.Kc1 Qf1+ 41.
Kd2 Qf4+ 0-1

[Event "20th Reykjavik op"]
[Site "Reykjavik ISL"]
[Date "2002.03.10"]
[Round "4"]
[White "Thorfinnsson, Bragi"]
[Black "Halldorsson, Jon Arni"]
[Result "1-0"]
[WhiteElo "2360"]
[BlackElo "2181"]
[EventDate "2002.03.07"]
[PlyCount "69"]

1.d4 d5 2.Bg5 h6 3.Bh4 c6 4.Nf3 Qb6 5.Qc1 g5 6.Bg3 g4 7.Ne5 Qxd4 8.c3 Qb6 
9.e4 Nf6 10.exd5 cxd5 11.a4 Bg7 12.Be2 Nc6 13.O-O Nxe5 14.Bxe5 Nh5 15.a5 
Qe6 16.Bxg7 Nxg7 17.Bb5+ Bd7 18.Na3 Bxb5 19.Nxb5 Qd7 20.Nd4 e5 21.Qe3 f6 
22.f4 gxf3 23.Rxf3 O-O-O 24.Ne2 d4 25.cxd4 Nf5 26.Qe4 Nxd4 27.Rxf6 Nxe2+ 
28.Qxe2 Qd4+ 29.Kh1 Rhf8 30.Rxf8 Rxf8 31.a6 Rf2 32.Rc1+ Kd8 33.Qe1 Ke7 34.
Rd1 Qxb2 35.Rb1 1-0

[Event "20th Reykjavik op"]
[Site "Reykjavik ISL"]
[Date "2002.03.10"]
[Round "4"]
[White "Thorhallsson, Throestur"]
[Black "Rowson, Jonathan"]
[Result "1/2-1/2"]
[WhiteElo "2434"]
[BlackElo "2512"]
[EventDate "2002.03.07"]
[PlyCount "50"]

1.e4 c5 2.Nf3 d6 3.d4 Nf6 4.Nc3 cxd4 5.Nxd4 a6 6.Bg5 e6 7.f4 Qb6 8.Nb3 Be7
9.Qf3 Qc7 10.O-O-O Nbd7 11.Kb1 b5 12.a3 Rb8 13.Bd3 b4 14.axb4 Rxb4 15.Rhe1
Bb7 16.Qe2 Nc5 17.Nxc5 Qxc5 18.Na2 Rb6 19.Bh4 Nxe4 20.Bxe7 Nc3+ 21.Nxc3 
Qxc3 22.Bb5+ Rxb5 23.Qxb5+ axb5 24.bxc3 Kxe7 25.g3 Rc8 1/2-1/2

[Event "20th Reykjavik op"]
[Site "Reykjavik ISL"]
[Date "2002.03.10"]
[Round "4"]
[White "Thorsteinsson, Erlingur"]
[Black "Kjartansson, Gudmundur"]
[Result "1/2-1/2"]
[WhiteElo "2142"]
[BlackElo "2060"]
[EventDate "2002.03.07"]
[PlyCount "124"]

1.Nf3 d5 2.d4 Nf6 3.Nbd2 g6 4.g3 Bg7 5.Bg2 O-O 6.O-O b6 7.Re1 Bb7 8.c3 
Nbd7 9.Qc2 c5 10.b4 Qc7 11.bxc5 bxc5 12.Qd1 e5 13.e3 Rfe8 14.dxe5 Nxe5 15.
Nxe5 Qxe5 16.Rb1 Rab8 17.c4 Ne4 18.Nxe4 dxe4 19.Bb2 Qe6 20.Bxg7 Kxg7 21.
Qc2 Bc6 22.Qc3+ Kg8 23.Bf1 Qe7 24.Be2 Qc7 25.Rxb8 Rxb8 26.Rd1 Rd8 27.Qf6 
Rxd1+ 28.Bxd1 Bd7 29.Qe7 Qc6 30.h4 Be6 31.h5 Qd7 32.Qxd7 Bxd7 33.hxg6 hxg6
34.g4 Be6 35.Be2 g5 36.Kf1 Kg7 37.Ke1 Kf6 38.Kd2 Ke5 39.Kc3 Bd7 40.Kb3 f5 
41.gxf5 Kxf5 42.Kc3 g4 43.Kd2 Ba4 44.Bf1 Kg5 45.Bg2 Bc6 46.Ke1 Kh4 47.Kd2 
g3 48.Ke1 Kg4 49.Bf1 gxf2+ 50.Kxf2 Ba4 51.Be2+ Kg5 52.Ke1 Kh4 53.Kd2 Kg3 
54.Bh5 Bd7 55.Bf7 Bg4 56.Bd5 Bf3 57.Bc6 Kf2 58.a3 Bg2 59.Bd5 Kf3 60.Be6 
Bf1 61.Bf7 Bd3 62.Bg8 Kf2 1/2-1/2

[Event "20th Reykjavik op"]
[Site "Reykjavik ISL"]
[Date "2002.03.10"]
[Round "4"]
[White "Votava, Jan"]
[Black "Lie, Kjetil"]
[Result "1-0"]
[WhiteElo "2515"]
[BlackElo "2388"]
[EventDate "2002.03.07"]
[PlyCount "55"]

1.c4 e5 2.g3 Nf6 3.Bg2 c6 4.d4 exd4 5.Qxd4 d5 6.Nf3 Be7 7.cxd5 cxd5 8.O-O 
Nc6 9.Qd3 O-O 10.Nc3 Nb4 11.Qd1 Ne4 12.Be3 Nxc3 13.bxc3 Nc6 14.Rb1 Qa5 15.
Qb3 Bf6 16.Nd4 Rd8 17.Rfc1 Ne5 18.Rd1 Nc4 19.Bf4 Bd7 20.Qxb7 Rac8 21.Bxd5 
Nb6 22.Nc6 Bxc6 23.Qxf7+ Kh8 24.Bxc6 Rf8 25.Qe6 Bxc3 26.Bb5 Bf6 27.Bd3 Qh5
28.Rb5 1-0

[Event "20th Reykjavik op"]
[Site "Reykjavik ISL"]
[Date "2002.03.11"]
[Round "5"]
[White "Berg, Emanuel"]
[Black "Bergsson, Snorri"]
[Result "1-0"]
[WhiteElo "2500"]
[BlackElo "2275"]
[EventDate "2002.03.07"]
[PlyCount "51"]

1.e4 c5 2.Nf3 d6 3.d4 cxd4 4.Nxd4 Nf6 5.Nc3 g6 6.Be3 Bg7 7.f3 O-O 8.Qd2 
Nc6 9.Bc4 Nd7 10.O-O-O Nb6 11.Bb3 Na5 12.Qe2 Bd7 13.h4 Rc8 14.h5 Nbc4 15.
hxg6 fxg6 16.Bg5 Rf7 17.Kb1 Qf8 18.Qf2 e6 19.Qh4 Bh8 20.f4 Nxb3 21.axb3 
Ne3 22.Rd3 e5 23.Ndb5 Bxb5 24.Nxb5 exf4 25.Rxd6 Rxc2 26.Rxg6+ 1-0

[Event "20th Reykjavik op"]
[Site "Reykjavik ISL"]
[Date "2002.03.11"]
[Round "5"]
[White "Bjornsson, Sigurbjorn"]
[Black "Johansson, Viktoria"]
[Result "1-0"]
[WhiteElo "2312"]
[BlackElo "2199"]
[EventDate "2002.03.07"]
[PlyCount "49"]

1.d4 Nf6 2.c4 e6 3.Nc3 d5 4.Nf3 Be7 5.Bg5 O-O 6.e3 b6 7.Rc1 Bb7 8.Bxf6 
Bxf6 9.cxd5 exd5 10.Bd3 c5 11.O-O Nd7 12.Qa4 Qe7 13.Ba6 Nb8 14.Bxb7 Qxb7 
15.dxc5 bxc5 16.Rfd1 d4 17.exd4 cxd4 18.Nb5 a6 19.Nc7 Ra7 20.Ne8 Bd8 21.
Qxd4 Rxe8 22.Qxd8 Qe4 23.Rc8 Kf8 24.Qd6+ Re7 25.Rxe8+ 1-0